DVB: The family of international standards for digital video broadcasting (Record no. 793)

MARC details
000 -LEADER
fixed length control field 00444nam a2200157Ia 4500
008 - FIXED-LENGTH DATA ELEMENTS--GENERAL INFORMATION
fixed length control field 130318s9999 xx 000 0 und d
020 ## - INTERNATIONAL STANDARD BOOK NUMBER
International Standard Book Number 354043545x
082 ## - DEWEY DECIMAL CLASSIFICATION NUMBER
Classification number 006.696 REI/D
100 ## - MAIN ENTRY--PERSONAL NAME
Personal name Reimers,Ulrich
245 ## - TITLE STATEMENT
Title DVB: The family of international standards for digital video broadcasting
250 ## - EDITION STATEMENT
Edition statement 2
260 ## - PUBLICATION, DISTRIBUTION, ETC.
Name of publisher, distributor, etc. Springer
Place of publication, distribution, etc. Germany
Date of publication, distribution, etc. 2005
300 ## - PHYSICAL DESCRIPTION
Extent 408
440 ## - SERIES STATEMENT/ADDED ENTRY--TITLE
Title Signals and Communication Technology
650 ## - SUBJECT ADDED ENTRY--TOPICAL TERM
Topical term or geographic name entry element DIGITAL VIDEO
Holdings
Withdrawn status Lost status Damaged status Not for loan Home library Current library Shelving location Date acquired Cost, normal purchase price Total Checkouts Full call number Barcode Date last seen Price effective from Koha item type
        Kerala University of Digital Sciences, Innovation and Technology Knowledge Centre Kerala University of Digital Sciences, Innovation and Technology Knowledge Centre Computer Science 18/03/2013 4468.00   006.696 REI/D 800 18/03/2013 18/03/2013 Books